LEADER 03058nam 2200637 a 450 001 9910139384403321 005 20210922112516.0 010 $a1-283-51408-7 010 $a9786613826534 010 $a1-118-38566-7 010 $a1-4443-1004-6 010 $a1-4443-1005-4 035 $a(CKB)2500000000001675 035 $a(EBL)470433 035 $a(OCoLC)630534843 035 $a(SSID)ssj0000354395 035 $a(PQKBManifestationID)11298719 035 $a(PQKBTitleCode)TC0000354395 035 $a(PQKBWorkID)10302638 035 $a(PQKB)10331780 035 $a(MiAaPQ)EBC470433 035 $a(MiAaPQ)EBC7076273 035 $a(Au-PeEL)EBL7076273 035 $a(PPN)191929859 035 $a(EXLCZ)992500000000001675 100 $a20090609d2010 uy 0 101 0 $aeng 135 $aur|n|---||||| 181 $ctxt 182 $cc 183 $acr 200 10$aLanguage in cognition$b[electronic resource] $euncovering mental structures and the rules behind them /$fCedric Boeckx 210 $aChichester, U.K. ;$aMalden, MA $cWiley-Blackwell$d2010 215 $a1 online resource (266 p.) 300 $aDescription based upon print version of record. 311 $a1-4051-5881-6 320 $aIncludes bibliographical references and index. 327 $aLanguagein Cognition; Contents; Acknowledgments; Prologue; PART I Ever Since Chomsky; 1 Mind Matters:Chomsky 's Dangerous Idea; 2 The Mechanization of the Mind Picture; 3 How the Mind Grows: From Meno to Noam; PART II Unweaving the Sentence; 4 Mental Chemistry; 5 The Variety of Linguistic Experience:The Towers of Babel and Pisa; 6 All Roads Lead to Universal Grammar; PART III The Mental Foundations of Behavior; 7 Making Sense of Meaning: An Instruction Manual; 8 Wonderful Mental Life: Unthinkable without Language; 9 Grammar Caught in the Act; PART IV Missing Links; 10 The (Mis)Measure of Mind 327 $a11 Homo Combinans12 Computational Organology; Epilogue; Notes; Guide to Further Study; References; Index 330 $aThis textbook explores the ways in which language informs the structure and function of the human mind, offering a point of entry into the fascinating territory of cognitive science. Focusing mainly on syntactic issues, Language in Cognition is a unique contribution to this burgeoning field of study.Guides undergraduate students through the core questions of linguistics and cognitive science, and provides tools that will help them think about the field in a structured wayUses the study of language and how language informs the structure and function of the human 606 $aPsycholinguistics 606 $aCognitive grammar 615 0$aPsycholinguistics. 615 0$aCognitive grammar. 676 $a401.9 676 $a410.1/9 676 $a410.19 686 $a17.30$2bcl 700 $aBoeckx$b Cedric$0304502 801 0$bMiAaPQ 801 1$bMiAaPQ 801 2$bMiAaPQ 906 $aBOOK 912 $a9910139384403321 996 $aLanguage in cognition$92239720 997 $aUNINA LEADER 04187nam 2200625Ia 450 001 9910779528303321 005 20200520144314.0 010 $a1-61761-752-0 035 $a(CKB)2550000001040618 035 $a(EBL)3017755 035 $a(SSID)ssj0000826948 035 $a(PQKBManifestationID)12337587 035 $a(PQKBTitleCode)TC0000826948 035 $a(PQKBWorkID)10819920 035 $a(PQKB)10802694 035 $a(MiAaPQ)EBC3017755 035 $a(Au-PeEL)EBL3017755 035 $a(CaPaEBR)ebr10654726 035 $a(OCoLC)923653569 035 $a(EXLCZ)992550000001040618 100 $a20091216d2010 uy 0 101 0 $aeng 135 $aur|n|---||||| 181 $ctxt 182 $cc 183 $acr 200 10$aBioencapsulation in silica-based nanoporous sol-gel glasses$b[electronic resource] /$fBouzid Menaa, Farid Menaa and Olga Sharts 210 $aNew York $cNova Science Publishers$dc2010 215 $a1 online resource (84 p.) 225 1 $aNanotechnology science and technology 300 $aDescription based upon print version of record. 311 $a1-60876-989-5 320 $aIncludes bibliographical references (p. [51]-66) and index. 327 $a""BIOENCAPSULATION IN SILICA-BASED NANOPOROUS SOL-GEL GLASSES ""; ""BIOENCAPSULATION IN SILICA-BASED NANOPOROUS SOL-GEL GLASSES ""; ""CONTENTS""; ""PREFACE""; ""ABSTRACT ""; ""1. INTRODUCTION""; ""2. BIOENCAPSULATION VIA SOL-GEL PROCESS IN SILICA-BASED MATERIALS: METHOD, MATERIALS, BIOAPPLICATIONS, AND CHARACTERIZATION TECHNIQUES ""; ""2.1. Protein Bioencapsulation via Sol-Gel Process""; ""2.2. Materials and Bioapplications""; ""2.3. Probing the Silica-Protein Interactions and Protein-Folding""; ""2.3.1. Characterization of the Silica Host Matrix"" 327 $a""2.3.2. Characterizing the Protein Folding in Nanoporous Sol-Gel Glasses """"3. PARAMETERS INFLUENCING THE PROTEIN CONFORMATION IN NANOPOROUS SILICA-BASED SOL-GEL GLASSES ""; ""3.1. INTRODUCTION TO THERMODYNAMICSa??? DRIVING FORCES AND INTERACTIONS INFLUENCING THE PROTEIN FOLDING IN SILICA-BASED NANOPOROUS MATERIALS""; ""3.2. The Surface Hydration and Hydrophobicity Influence the Protein Folding in Nanoporous Sol-Gel Glasses ""; ""3.2.1. Hydrophobic Effects on Protein Conformation Induced by Silica Glass Surface Modification with Hydrophobic Organosilanes Precursors "" 327 $a""3.2.2. Hydrophobic Effects Induced by the Decrease of siloxane a???[O-Si-O]- Network Dimension by Glass Surface Modification with Multiple Hydrophobic Alkyl Groups Attached at the Silicon of Organosilane Precursors""""3.2.3. Solute Effects and Hofmeister Ions Effects""; ""3.3. STERIC EFFECTS INDUCED BY THE CHOICE OF CROWDED SILANE MODIFIERS IN TMOS- DERIVED SOL-GEL GLASSES THE HOST MATRIX ""; ""3.4. INFLUENCE OF THE PORE SIZE, PORE SHAPE AND SURFACE AREA OF THE SILICA-BASED HOST MATRIX ON PROTEIN FOLDING ""; ""3.5. THERMAL STABILITY OF PROTEINS CONFINED IN THE POROUS HOST MATRIX "" 327 $a""4. ENHANCING THE PROTEIN FOLDING BY INTRODUCING AND ASSOCIATING HYDROPHOBIC AND STERIC EFFECTS IN MODIFIED SILICA-BASED POROUS GLASSES """"4.1. INCORPORATING FLUORO-BASED ORGANOSILANES IN TO FORM SUPERHYDROPHOBIC CROWDED ORGANICALLY MODIFIED SILICA BASED HOST MATRICES""; ""4.2. INCORPORATING PHOSPHONATE GROUPS IN HYDROPHOBIC SILICA NETWORK ""; ""5. EMERGING TECHNIQUES FOR A BETTER UNDERSTANDING OF PROTEIN INTERACTIONS AND CONFORMATIONS IN NANOPOROUS SOL-GEL GLASSES ""; ""5.1. IN-SITU MAS NMR""; ""5.2. FLUORO-RAMAN SPECTROSCOPY""; ""CONCLUSION ""; ""REFERENCES""; ""INDEX "" 410 0$aNanotechnology science and technology series. 606 $aBiocolloids 606 $aProtein folding 606 $aSilica gel 615 0$aBiocolloids. 615 0$aProtein folding. 615 0$aSilica gel. 676 $a612/.01575 700 $aMenaa$b Bouzid$01523870 701 $aMenaa$b Farid$01523871 701 $aSharts$b Olga$01523872 801 0$bMiAaPQ 801 1$bMiAaPQ 801 2$bMiAaPQ 906 $aBOOK 912 $a9910779528303321 996 $aBioencapsulation in silica-based nanoporous sol-gel glasses$93764210 997 $aUNINA LEADER 02020nas 2200553 a 450 001 9910142565003321 005 20260225134558.0 011 $a1972-4799 035 $a(CKB)1000000000328703 035 $a(CONSER) 00248563 035 $a(DE-599)ZDB2405560-8 035 $a(DE-599)2405560-8 035 $a(EXLCZ)991000000000328703 100 $a20001128a19999999 uy 101 0 $aita 200 00$aDiritto, immigrazione e cittadinanza $erivista trimestrale promossa dall'Associazione per gli studi giuridici sull'immigrazione e da Magistratura democratica 210 $aMilano $cFrancoAngeli$d1999- 215 $a1 online resource 300 $aRefereed/Peer-reviewed 311 08$aPrint version: Diritto, immigrazione e cittadinanza 1720-433X 531 $aDIRIT. IMMIGRAZIONE CITTADINANZA 606 $aEmigration and immigration law$zItaly$vPeriodicals 606 $aPublications périodiques$9fre$2ECLAS 606 $aPolitique migratoire$9fre$2ECLAS 606 $aLégislation sur l'immigration$9fre$2ECLAS 606 $afundamental rights$9eng$2eurovoc 606 $amigration control$9eng$2eurovoc 606 $aillegal migration$9eng$2eurovoc 606 $aforced migration$9eng$2eurovoc 606 $aEU migration policy$9eng$2eurovoc 606 $areturn migration$9eng$2eurovoc 606 $abrain drain$9eng$2eurovoc 615 0$aEmigration and immigration law 615 7$aPublications périodiques 615 7$aPolitique migratoire 615 7$aLégislation sur l'immigration 615 7$afundamental rights. 615 7$amigration control 615 7$aillegal migration. 615 7$aforced migration. 615 7$aEU migration policy 615 7$areturn migration. 615 7$abrain drain 712 02$aAssociazione per gli studi giuridici sull'immigrazione e magistratura democratica. 906 $aJOURNAL 912 $a9910142565003321 920 $aexl_impl conversion 996 $aDiritto immigrazione e cittadinanza$9275921 997 $aUNINA